书目信息 |
| 题名: |
电视新闻摄制
|
|
| 作者: | 雷蔚真 著 | |
| 分册: | ||
| 出版信息: | 北京 中国人民大学出版社 2010 |
|
| 页数: | 205页 | |
| 开本: | 23cm | |
| 丛书名: | ||
| 单 册: | ||
| 中图分类: | J419.1 , G222.3 | |
| 科图分类: | ||
| 主题词: | 电视新闻--新闻摄影--制作--高等学校--教材 , 电视新闻--电视节目--制作--高等学校--教材 , 电视新闻 , 新闻摄影 , 电视节目 | |
| 电子资源: | ||
| ISBN: | 978-7-300-12125-3 | |
| 000 | 01146nam0 2200301 45 | |
| 001 | 1130704046 | |
| 005 | 20110310102252.21 | |
| 010 | @a978-7-300-12125-3@dCNY26.00 | |
| 100 | @a20110122d2010 em y0chiy50 ea | |
| 101 | 0 | @achi |
| 102 | @aCN@b110000 | |
| 105 | @aa z 000yy | |
| 106 | @ar | |
| 200 | 1 | @a电视新闻摄制@ADian Shi Xin Wen She Zhi@f雷蔚真著@FLei Wei Zhen Zhu |
| 210 | @a北京@c中国人民大学出版社@d2010 | |
| 215 | @a205页@c图@d23cm | |
| 300 | @a21世纪新闻传播学系列教材/方汉奇主编 电视纪实之二 | |
| 330 | @a本书作者将电视新闻摄制作为电视纪实前期工作的一部分,与电视采访结合起来论述,以电视纪实作为出发点与基础,以提升电视纪实的表现力为目标,探讨了电视新闻摄制的有关理论,并在此基础上关注了电视新闻摄制中的每一个具体环节,引领读者学习电视新闻拍摄和编辑中的各种具体手段与方法。 | |
| 606 | 0 | @a电视新闻@x新闻摄影@x制作@x高等学校@j教材 |
| 606 | 0 | @a电视新闻@x电视节目@x制作@x高等学校@j教材 |
| 606 | 0 | @a电视新闻 |
| 606 | 0 | @a新闻摄影 |
| 606 | 0 | @a电视节目 |
| 690 | @aJ419.1@v4 | |
| 690 | @aG222.3@v4 | |
| 701 | 0 | @a雷蔚真@ALei Wei Zhen@4著 |
| 801 | 0 | @aCN@bTANGWEI@c20110310 |
| 905 | @b0531478-81@dJ419.1@e250@f4 | |
| 电视新闻摄制/雷蔚真著.-北京:中国人民大学出版社,2010 |
| 205页:图;23cm |
| 21世纪新闻传播学系列教材/方汉奇主编 电视纪实之二 |
| ISBN 978-7-300-12125-3:CNY26.00 |
| 本书作者将电视新闻摄制作为电视纪实前期工作的一部分,与电视采访结合起来论述,以电视纪实作为出发点与基础,以提升电视纪实的表现力为目标,探讨了电视新闻摄制的有关理论,并在此基础上关注了电视新闻摄制中的每一个具体环节,引领读者学习电视新闻拍摄和编辑中的各种具体手段与方法。 |
| ● |
| 相关链接 |
|
|
|
|
正题名:电视新闻摄制
索取号:J419.1/250
 
预约/预借
| 序号 | 登录号 | 条形码 | 馆藏地/架位号 | 状态 | 备注 |
| 1 | 0531478 | 205314783 | 第一样本阅览室/ [索取号:J419.1/250] | 在馆 | |
| 2 | 0531479 | 205314792 | 密集书库-文学院/ [索取号:J419.1/250] | 在馆 | |
| 3 | 0531480 | 205314809 | 第一借阅区/ [索取号:J419.1/250] | 在馆 | |
| 4 | 0531481 | 205314818 | 第一借阅区/ [索取号:J419.1/250] | 在馆 |